000 00285nam a2200109Ia 4500
008 190906s9999||||xx |||||||||||||| ||und||
100 _aUsry Hammer Matz
245 0 _aCost Accounting Planning and Control
260 _aAmerica
_bPrentice Hall Inc.
_c1998
300 _a895
942 _cBK
999 _c6012
_d6012